|
|
|
|
| LEADER |
00000nam0a2200000 4500 |
| 001 |
228402 |
| 005 |
20231101230856.0 |
| 020 |
|
|
|a RU
|b 90-2293
|
| 035 |
|
|
|a (RuTPU)RU\TPU\book\248873
|
| 090 |
|
|
|a 228402
|
| 100 |
|
|
|a 20121219d1988 k y0rusy5003 ca
|
| 101 |
0 |
|
|a rus
|
| 102 |
|
|
|a UA
|
| 105 |
|
|
|a a z 001zy
|
| 200 |
1 |
|
|a Безопасная эксплуатация электромеханического оборудования в шахтах
|e сборник научных трудов
|f Государственный макеевский научно-исследовательский институт по безопасности работ в горной промышленности ; отв. ред. В. П. Колосюк
|
| 210 |
|
|
|a Макеевка
|c МакНИИ
|d 1988
|
| 215 |
|
|
|a 106 с.
|c ил.
|d 20 см
|
| 320 |
|
|
|a Библиогр. в конце статей
|
| 606 |
1 |
|
|a Угольные шахты
|x Электрооборудование
|x Эксплуатация
|x Техника безопасности
|2 stltpush
|3 (RuTPU)RU\TPU\subj\62921
|9 79976
|
| 610 |
1 |
|
|a электроустановки
|
| 610 |
1 |
|
|a электрические цепи
|
| 610 |
1 |
|
|a заземлители
|
| 610 |
1 |
|
|a искрение
|
| 610 |
1 |
|
|a местное освещение
|
| 610 |
1 |
|
|a осветительные установки
|
| 610 |
1 |
|
|a приемочные испытания
|
| 610 |
1 |
|
|a реле
|
| 610 |
1 |
|
|a схемы
|
| 610 |
1 |
|
|a автоматическая адаптация
|
| 610 |
1 |
|
|a изоляция
|
| 610 |
1 |
|
|a забойные машины
|
| 610 |
1 |
|
|a защитные функции
|
| 610 |
1 |
|
|a горношахтное оборудование
|
| 610 |
1 |
|
|a дифференцированные методы
|
| 610 |
1 |
|
|a искробезопасность
|
| 675 |
|
|
|a 622.333.012.2:658.26
|z rus
|v 3
|
| 702 |
|
1 |
|a Колосюк
|b В. П.
|g Владимир Петрович
|4 340
|
| 712 |
0 |
2 |
|a Макеевский научно-исследовательский институт по безопасности работ в горной промышленности (МакНИИ)
|2 stltpush
|3 (RuTPU)RU\TPU\col\15485
|
| 801 |
|
0 |
|a RU
|b RuMRKP
|c 19950417
|g psbo
|
| 801 |
|
1 |
|a RU
|b 63413507
|c 20121219
|
| 801 |
|
2 |
|a RU
|b 63413507
|c 20140305
|g RCR
|
| 942 |
|
|
|c BK
|